000 00668nam a2200241Ia 4500
008 220501s2018 xx 000 0 eng d
020 _a9789352868322
082 _a658.72 BAI-P
100 _aBaily, Peter
245 0 _aProcurement principles and management
_cPeter Baily....[et al.]
250 _a11th
260 _aNoida
_bPearson
_c2018
300 _axvi, 594p.
650 _aIndustrial procurement - Management
650 _aProcurement - Management
650 _aPurchasing
650 _aPurchasing - Management
700 _aCrocker, Barry
700 _aFarmer, David
700 _aJessop, David
700 _aJones, David
942 _2ddc
_cREF
_01
999 _c18217
_d18217